=LDR 00000nam 2200000 4500 =001 INLIS000000000002935 =005 20130612091241 =008 ***********************************Ind** =035 ##$$0010-061300000002935 =041 ##$$a Ind =082 ##$$a 305.4 =090 ##$$a 305.4, Las i =100 ##$$a Lasmini, RA =245 ##$$a Intisari primbon wanita / RA. Lasmini. -- =260 ##$$a 1999 $b Yogyakarta : Sendang Dhuwur =300 ##$$a 80 hlm. : ilus. ; 19 cm =650 ##$$a Wanita 1 =650 ##$$a Judul =850 ##$$a NBPNMAT